| 000 | 00552nam a22002171c 4500 | ||
|---|---|---|---|
| 001 | 020350481 | ||
| 008 | 160509s1951 gw |||| 000u ger d | ||
| 041 | _ager | ||
| 100 | 1 | _aSchultz, Joachim | |
| 245 | 0 | 4 |
_aDie letzten 30 Tage / _cJoachim Schultz |
| 264 |
_aStuttgart : _bSteingrüben, _c1951 |
||
| 300 | _a132 S. : Kt. | ||
| 650 | 0 | _aKriegsende | |
| 650 | 0 | _aWeltkrieg <1939-1945> | |
| 650 | 0 | _aDeutsches Reich | |
| 655 | 0 | _aQuelle | |
| 942 | _cMG | ||
| 040 | _cRU-10907106 | ||
| 003 | RU-10907106 | ||
| 999 |
_c21623 _d21623 |
||
| 490 | 0 | _aDokumente zur Zeitgeschichte | |